Liedtext - Moskau - Dschinghis Khan - Statistiken

Allgemein
  • Dieses Quiz wurde 359 mal gespielt
  • Das Durchschnittsergebnis liegt bei 207 aus 312
Antwortstatistiken
Textquiz % Korrekt
Moskau
99%
ein
93%
schön
93%
wir
93%
die
92%
ist
91%
La
90%
la
90%
Land
89%
schöne
89%
an
87%
Russland
86%
Gläser
85%
Wand
85%
schönes
84%
da
82%
ha
82%
Ha
82%
Wirf
80%
hey
77%
Hey
77%
ho
77%
Ho
77%
Der
75%
der
75%
das
73%
wie
71%
und
69%
so
68%
wer
68%
Wer
68%
Bis
65%
dein
63%
aus
62%
auf
61%
Auf
61%
du
61%
geheimnisvoll
60%
In
60%
Liebe
59%
Gold
58%
Rot
58%
sind
56%
weiß
56%
zum
55%
bist
54%
brennt
54%
dich
54%
Türme
54%
Fremd
53%
kennt
53%
dem
52%
Feuer
52%
los
52%
rotem
52%
groß
51%
Kalt
51%
Mädchen
51%
Deine
50%
dir
50%
küssen
50%
Teufel
50%
Natascha
49%
wirklich
49%
Eis
48%
heiß
48%
Heiß
48%
Doch
47%
Tisch
47%
tanzen
46%
zusammenbricht
45%
Kaviar
44%
Nachts
44%
schmeckt
43%
Komm
42%
Leben
42%
Seele
42%
hebt
41%
Bruder
39%
Wohl
37%
Blut
33%
Glut
31%
Kosaken
30%
zur
30%
Zarenzeit
28%
Spiegel
25%
Vergangenheit
24%
Tor
23%
Oh
22%
oh
22%
wenn
14%
Towarisch
12%
la-la-la
11%
ah
8%
Oh-ho
0%
Keine übereinstimmenden Quizze gefunden
Verteilung der Resultate
Anzahl Personen mit jedem Resultat
Perzentil nach korrekt beantworteten Fragen
Ihre Resultats-Entwicklung
Sie haben dieses Quiz noch nicht gespielt